000 01711cam a2200313 a 4500
001 17325257
003 OSt
005 20210414114456.0
008 120531s2013 inua 000 0 eng
010 _a 2012022262
020 _a9780672335747 (pbk.)
020 _a0672335743
040 _aDLC
_cDLC
_dDLC
042 _apcc
050 0 0 _aQA76.73.J38.C315
082 0 0 _a005.13/3
_223
100 1 _aCadenhead, Rogers.
245 1 0 _aSams teach yourself Java in 21 days : Covers Java 7 and Android in 21 days. /
_cRogers Cadenhead.
250 _a6th ed.
260 _aIndianapolis :
_bPearson Education Inc.,
_c2013.
300 _axvi,698 p. :
_bill.;
_c23cm.
500 _aIncludes index.
505 _aContents: The java language: Getting started with java -- The ABCs of programming -- Working with objects -- Lists, logic, and loops -- Creating classes and methods -- Packages, interfaces, and other class features -- Exceptions and threads -- The java class library: Data structures -- Working with swing -- Building a swing interface -- Arranging components on a user interface -- Responding to user input -- Creating java2D graphics -- Developing swing applications -- Java programming: Working with input and output -- Serializing and examining objects -- Communicating across the internet -- Accessing databases with JDBC 4.1 and derby -- Reading and writing RSS feeds -- XML web services -- Writing android apps for java.
650 0 _aJava (Computer program language)
650 0 0 _aAndroid (Electronic resource)
906 _a7
_bcbc
_corignew
_d1
_eecip
_f20
_gy-gencatlg
942 _2lcc
_cBK
999 _c5670
_d13170